000 01656nam a2200421Ii 4500
001 DIGEDUNAV0361
003 NyNyDIG
006 m o d
007 cr |||||||||||
008 220605s2014 sp ob 000 0 spa d
035 _a(OCoLC)1333701309
040 _aDGITA
_beng
_erda
_epn
_cDGITA
020 _z9788431330095
050 1 4 _aBX1374 ebook
100 1 _aCasas, Santiago,
_d1971-
_eauthor.
245 1 0 _aLeón XIII, un papado entre modernidad y tradición /
_cSantiago Casas.
264 1 _aPamplona, España :
_bEUNSA, Ediciones Universidad de Navarra,
_c[2014]
300 _a1 online resource.
336 _atext
_btxt
_2rdacontent
337 _acomputer
_bc
_2rdamedia
338 _aonline resource
_bcr
_2rdacarrier
347 _atext file
_2rdaft
347 _bPDF
490 1 _aAstrolabio. Serie Historia
504 _aIncludes bibliographical references.
588 0 _aOnline resource; title from PDF title page (Digitalia, viewed June 5, 2022)
600 0 0 _aLeo
_bXIII,
_cPope,
_d1810-1903.
610 2 0 _aCatholic Church.
650 0 _aPopes.
655 0 _aElectronic books.
791 2 _aDigitalia (Firm),
_edistributor.
793 0 _gDigitalia eBook Collection:
_aEdiciones Universidad de Navarra
776 0 8 _iPrint version:
_aCasas, Santiago, 1971-
_tLeón XIII, un papado entre modernidad y tradición.
_bPrimera edición.
_dPamplona, España : EUNSA, Ediciones Universidad de Navarra, [2014]
_z9788431330095
830 0 _aHistoria (Ediciones Universidad de Navarra, S.A.)
856 4 0 _3Digitalia Hispánica
_uhttps://www.digitaliapublishing.com/a/51416/
910 _aPremium collection: 2022
942 _cRAA
999 _c252542
_d252542